Podanie priznania k dani z príjmov - možnosti predĺženia lehôt

Daňové subjekty majú povinnosť vysporiadať svoje povinnosti k dani z príjmov po skončení zdaňovacieho obdobia v trojmesačnej lehote. Táto základná lehota však môže byť predĺžená. Aké sú spôsoby predĺženia a povinnosti daňovníkov, pri splnení ktorých sa dosiahne korektné predĺženie lehoty na podanie...

Ausführliche Beschreibung

Gespeichert in:
Bibliographische Detailangaben
1. Verfasser: Valterová, Ivana
Format: Buchkapitel
Sprache:Slowakisch
Schlagworte:
Tags: Tag hinzufügen
Keine Tags, Fügen Sie das erste Tag hinzu!

MARC

LEADER 00000naa a2200000 4500
001 0299736
005 20240417075308.8
041 0 |a slo 
044 |a SK 
245 1 0 |a Podanie priznania k dani z príjmov - možnosti predĺženia lehôt  |c Ivana Valterová 
520 |a Daňové subjekty majú povinnosť vysporiadať svoje povinnosti k dani z príjmov po skončení zdaňovacieho obdobia v trojmesačnej lehote. Táto základná lehota však môže byť predĺžená. Aké sú spôsoby predĺženia a povinnosti daňovníkov, pri splnení ktorých sa dosiahne korektné predĺženie lehoty na podanie daňového priznania? 
610 2 0 |a dane z príjmov 
610 2 0 |a obdobie zdaňovacie 
610 2 0 |a priznania daňové 
610 2 0 |a daňovníci 
610 2 0 |a zákony 
610 2 0 |a legislatíva 
100 1 |a Valterová, Ivana